=LDR 00000nam 2200000 4500 =001 INLIS000000000012757 =005 20130612104239 =008 ***********************************Ind** =035 ##$$0010-061300000012757 =041 ##$$a Ind =082 ##$$a 613.704 6 =090 ##$$a 613.704 6, Chi s =100 ##$$a Chia, Mantak =245 ##$$a Struktur Witi Tai Chi =260 ##$$a 1997 $b Jakarta =300 ##$$a viii ; 237 hlm, Ilus, 21 cm =650 ##$$a Tai Chi =650 ##$$a Struktur =700 ##$$a Ishaq, Ismail =850 ##$$a NBPNMAT